000 00940nas a2200289 4500
001 BR2017002753
003 BR-BrBNA
005 20231205131104.0
007 ta
008 230509b bl.|||p| |||| 00| 00por d
040 _aBR-BrBNA
_bpor
_cBiblioteca Nacional de Agricultura
041 _a(Pt)
072 _aF60
100 1 _aGatti, A.B.
100 1 _aPerez, S.C.J.G. de A.
100 1 _aLima, M.I.S.
245 1 _aAtividade alelopática de extratos aquosos de Arstolochia esperanzae O.Kuntze na germinação e no crescimento de Lactuca sativa L. e Raphanus sativus L.
650 _aALFACE
650 _aRABANETE
650 _aGERMINAÇÃO
650 _aCRESCIMENTO
650 _aALELOPATIA
650 _aPROPRIEDADE FÍSICO-QUÍMICA
773 0 _tActa Botânica Brasilica (Brazil)
_xISSN 0102-3306
_g(Jul-Sep 2004), v. 18(3) p. 459-472
_wBR2017002753
909 _a202311
_bLúcia
_c55
_dLúcia Elande
942 _2AGRIS
_n0
_cANA
999 _c252962
_d252962